000 01443ctm a2200289 i 4500
003 SA-RiAUC
005 20250718142006.0
008 250717s1988 su f m 00000bara c
040 _aSA-JeALM
_bara
_cSA-RiAUC
_erda
082 0 4 _a922.117
090 _a922.117
_b س هـ ل
100 1 _aالسهلي، موسى بن حاسر بن أحمد
_eمؤلف.
245 1 2 _aالشيخ عبد الله بن محمد القرعاوي ودعوته في جنوب المملكة العربية السعودية:
_cتأليف موسى بن حاسر بن احمد السهلي . قدم له سماحة الشيخ عبدالعزيز بن عبدالله بن باز ، وفضيلة الشيخ محمد بن احمد الحكمي
250 _aالطبعة الاولى.
264 0 _a( الرياض )
_bموسى بن حاسر السهلي.
_c1993
300 _a111 صفحة ؛
_c24 سم.
337 _aبدون وسيط
_bn
_2rdamedia
338 _aمجلد
_bnc
_2rdacarrier
600 1 7 _aالقرعاوي، عبد الله بن محمد بن حمد،
_d1315-1389 هجري
_2aucnm
650 7 _aالمصلحون
_vتراجم
_2aucsh
650 7 _aالعلماء المسلمون
_vتراجم
_2aucsh
650 7 _aالدعاة
_vتراجم
_2aucsh
700 _aابن باز، عبدالعزيز بن عبدالله
_eمقدم.
700 _aالحكمي، محمد بن احمد
942 _2ddc
_cBOOK
_n0
949 _aSA-JeALM
_d250717
_uosman123
_n1
999 _c10060
_d10060